000 00333nam a22001337a 4500
082 _a894.812.3
_bSAS/V
100 _aMADAVOOR SASI
245 _aVILKANUNDU KAZHUTHAYE
_bTHERENJEDUTHA MULLAKADAKAL
250 _a1
260 _aTHRISSUR
_bH&C PUBLISHING
_c2008
300 _a48
650 _aMALAYALAM SHORT STORIES
_zKERALA
942 _cBK
999 _c1136
_d1136